La convivencia democrática en la escuela /

Bibliographic Details
Main Author: Germán, Gregorio (Author)
Format: Electronic eBook
Language:Spanish
Published: Córdoba, Argentina : Editorial Brujas, [2021]
Edition:1a ed.
Subjects:
Online Access:Digitalia Hispánica

MARC

LEADER 00000nam a2200000 i 4500
001 DIGBRUJ380
003 NyNyDIG
007 cr |||||||||||
008 230114s2021 ag o 000 0 spa d
006 m o d
035 |a (OCoLC)1331021107 
040 |a DGITA  |b eng  |e rda  |e pn  |c DGITA 
020 |a 9789877604054  |q eBook 
020 |z 9789877604023 
050 1 4 |a LB3011 ebook 
100 1 |a Germán, Gregorio,  |e author. 
245 1 3 |a La convivencia democrática en la escuela /  |c Gregorio Germán. 
250 |a 1a ed. 
264 1 |a Córdoba, Argentina :  |b Editorial Brujas,  |c [2021] 
300 |a 1 online resource. 
336 |a text  |b txt  |2 rdacontent 
337 |a computer  |b c  |2 rdamedia 
338 |a online resource  |b cr  |2 rdacarrier 
347 |a text file  |2 rdaft 
347 |b PDF 
588 0 |a Online resource; title from PDF title page (Digitalia, viewed January 14, 2023) 
650 0 |a School discipline. 
650 0 |a Teacher-student relationships. 
791 2 |a Digitalia (Firm),  |e distributor. 
793 0 |g Digitalia eBook Collection:  |a Editorial Brujas 
776 0 8 |i Print version:  |a Germán, Gregorio.  |t Convivencia democrática en la escuela.  |b 1a ed.  |d Córdoba, Argentina : Editorial Brujas, [2021]  |z 9789877604023 
856 4 0 |3 Digitalia Hispánica  |u https://www.digitaliapublishing.com/a/115305/ 
910 |a Premium collection: 2023